Memorias : Quinto Seminario de Ingenieria Estructural.
Guardado en:
| Hovedforfatter: | |
|---|---|
| Institution som forfatter: | |
| Format: | Procedimiento de la Conferencia Bog |
| Udgivet: |
San José, Costa Rica : Oficina de Publicaciones de la Universidad de Costa Rica,
1990
|
| Fag: | |
| Tags: |
Tilføj Tag
Ingen Tags, Vær først til at tagge denne postø!
|
MARC
| LEADER | 00000nam a2200000Ia 4500 | ||
|---|---|---|---|
| 003 | 005261 | ||
| 005 | 20240104141539.0 | ||
| 008 | 140116s1990 c a 000 ||s d | ||
| 040 | |c cru CEDI | ||
| 082 | |a 624.177.063 S471m | ||
| 100 | |a Santana Barboza, Guillermo |d Editor |9 18938 | ||
| 245 | |a Memorias : Quinto Seminario de Ingenieria Estructural. | ||
| 260 | |c 1990 |b San José, Costa Rica : Oficina de Publicaciones de la Universidad de Costa Rica, | ||
| 300 | |c x, 442 páginas : ilustraciones ; 27 cm. | ||
| 500 | |a Contenido en ingles. | ||
| 650 | |x DISEÑO DE ESTRUCTURAS - CONGRESOS |9 18940 | ||
| 711 | |9 18941 |a Quinto Seminario de Ingenieria Estructural. |c San José, Costa Rica |d 22,23 y 24 de noviembre, 1990 | ||
| 942 | |2 ddc |c LIBRO |h 624.177.063 S471m |i 005261 |6 624_177000000000000_063_S471M_005261 | ||
| 999 | |c 13247 |d 13247 | ||
